000 00702nam a2200205Ia 4500
008 0000001989 gea 0000000000ger00
090 _aPSZ00 M27a
100 1 _aMerz, Albert
_d1942
245 1 0 _aAlbert Merz
_c/ fotos Dietrich Walther ... [et al.]
300 _a47 p.
_c/ 28 cm.
500 _aTexto bilingue : alemán y francés \ Con el patronazgo del maestro venezolano Jesús Rafael Soto (q.e.p.d.)
600 0 0 _aMERZ, ALBERT, 1942 /
_xTRABAJOS PICTORICOS
650 1 4 _aARTE CONTEMPORANEO SUIZO
650 1 4 _xCATALOGOS
650 1 4 _xEXPOSICIONES
650 1 4 _aPINTORES SUIZOS
650 1 4 _aPINTURA SUIZA
700 1 _aWalther, Dietrich
999 _c1911
_d1911
260 _aBerlin : [s.n.]
_c1989